| 000 | 00534nam a22002057a 4500 | ||
|---|---|---|---|
| 003 | OSt | ||
| 005 | 20180607133207.0 | ||
| 008 | 180607b xxu||||| |||| 00| 0 eng d | ||
| 020 | _a0716731533 | ||
| 040 | _cDDC | ||
| 082 | _a628.5 BAI 1995. | ||
| 100 |
_aBaird,Colin; _9927 |
||
| 245 | _aEnvironmental Chemistry: | ||
| 250 | _a2nd ed | ||
| 260 |
_aNew York; _bW.H freeman and Company, _c1995. |
||
| 300 |
_axviii,557p; _bill; _c24cm. |
||
| 504 | _aincludes index and Appendix. | ||
| 650 |
_aChemistry. _9797 |
||
| 942 |
_2ddc _cO_SHELF |
||
| 999 |
_c6114 _d6114 |
||